Industria y contaminacin̤ medioambiental : un estudio comparativo de la percepcin̤ del riesgo en Colombia y en Espaą /

Detalles Bibliográficos
Autor principal: Realpe Quintero, Mara̕ Fernanda
Formato: Libro
Lenguaje:español
Publicado: Madrid : Dykinson, 2010.
Materias:
Acceso en línea:Acceso restringido

MARC

LEADER 00000cam a2200000 i 4500
005 20110705141453.0
008 101119s2010 sp 000 spad|
020 |a 9788498499445 
035 |a 5339 
040 |a UGR  |d BUS  |d vLex 
041 1 |a spaeng 
080 |a 504.06 
090 |c 2166  |d 2166 
100 1 |a Realpe Quintero, Mara̕ Fernanda. 
245 1 0 |a Industria y contaminacin̤ medioambiental :  |b un estudio comparativo de la percepcin̤ del riesgo en Colombia y en Espaą /  |c Mara̕ Fernanda Realpe Quintero.  |h [Recurso electrn̤ico] 
256 |a Servicio en ln̕ea. 
260 |a Madrid :  |b Dykinson,  |c 2010. 
300 |a 255 p. ;  |c 24 cm. 
506 1 |a Contenido solo disponible en los productos indicados  |d vLex Global  |d vLex Global (Academic Edition, excluding Law Schools)  |d vLex Global (U.S. Academic Edition, Law Schools)  |d vLex Global (U.S. Academic Edition, excluding Law Schools)  |d vLex Global (Academic Edition, Law Schools) 
546 |a Texto en espaǫl y resumen en inglš. 
650 0 7 |a Medio ambiente  |2 Tesauro vLex 
650 0 7 |a Contaminacin̤ ambiental  |2 Tesauro vLex 
650 0 7 |a Contaminacin̤  |2 Tesauro vLex 
740 0 |a vLex Libros (Servicio en ln̕ea) 
856 4 0 |u http://vlex.com/source/industria-contaminacion-medioambiental-5339  |z Acceso restringido 
942 |c BOOK